| 000 | 00699nam a22002291i 4500 | ||
|---|---|---|---|
| 001 | 21754 | ||
| 090 | _a21754 | ||
| 010 | _a9789727115518 | ||
| 100 | _a20170304u u u0frey50 ba | ||
| 101 | 0 | _apor | |
| 200 | 1 |
_fOsho _aInteligência _ea resposta criativa |
|
| 215 |
_a220, [4] p. _d21 cm |
||
| 300 | _aOferta de Jorge Araújo | ||
| 702 | 1 |
_aBaptista _bIsabel Garcia _4730 |
|
| 700 | 1 |
_aOsho _4070 _f1931-1990 |
|
| 210 |
_cPergaminho _d2004 |
||
| 225 | 2 | _aOSHO - o eu interior | |
| 410 | 0 | _tOSHO - o eu interior | |
| 225 | 2 | _iUma nova forma de viver | |
| 411 | 0 | _tUma nova forma de viver | |
| 996 |
_f0031585 _kOSH _m00000000 _n00000000 _aBMVA _b1 _vViana do Alentejo _xPsicologia _y25 _eLivro _10 _31 |
||
| 990 | _cLIVROS | ||